Vulnerability and Resilience of Social-Ecological Systems: FY2006 Pre-Research Project Report (Record no. 61399)

MARC details
000 -LEADER
fixed length control field 00878nam a2200193 a 4500
008 - FIXED-LENGTH DATA ELEMENTS--GENERAL INFORMATION
fixed length control field 120823s2007 ||||||||||||||||| || u
020 ## - INTERNATIONAL STANDARD BOOK NUMBER
International Standard Book Number 4902325101
050 ## - LIBRARY OF CONGRESS CALL NUMBER
Classification number RIHN(058)PR
100 ## - MAIN ENTRY--PERSONAL NAME
Personal name Umetsu, Chieko
245 10 - TITLE STATEMENT
Title Vulnerability and Resilience of Social-Ecological Systems: FY2006 Pre-Research Project Report
Statement of responsibility, etc. By the Research Institute for Humanity and Nature, project Leader Chieko Umetsu
246 ## - VARYING FORM OF TITLE
Title proper/short title Resilience Project
260 ## - PUBLICATION, DISTRIBUTION, ETC.
Place of publication, distribution, etc. Kyoto
Name of publisher, distributor, etc. Research Institute for Humanity and Nature (RIHN)
Date of publication, distribution, etc. 2007
300 ## - PHYSICAL DESCRIPTION
Extent 162p.: ill.
650 ## - SUBJECT ADDED ENTRY--TOPICAL TERM
Topical term or geographic name entry element NATURAL RESOURCES--MANAGEMENT--ZAMBIA
650 ## - SUBJECT ADDED ENTRY--TOPICAL TERM
Topical term or geographic name entry element POVERTY REDUCTION--ZAMBIA
650 ## - SUBJECT ADDED ENTRY--TOPICAL TERM
Topical term or geographic name entry element SOCIAL ECOLOGY--ZAMBIA
710 ## - ADDED ENTRY--CORPORATE NAME
Corporate name or jurisdiction name as entry element Research Institute for Humanity and Nature (RIHN)
995 ## - RECOMMENDATION 995 [LOCAL, UNIMARC FRANCE]
-- CBU-MAIN LIBRARY (Kitwe)
-- 1
-- AVAILABLE
-- Aug 30, 2012
-- International Publications
Holdings
Withdrawn status Lost status Source of classification or shelving scheme Damaged status Not for loan Home library Current library Shelving location Date acquired Total Checkouts Full call number Barcode Date last seen Price effective from Koha item type
          CBU-MAIN LIBRARY, KITWE. CBU-MAIN LIBRARY, KITWE.   11/30/2022   RIHN(058)PR B148 11/30/2022 11/30/2022 MONOGRAPH